[Event "Jaen-ch"]
[Site "Linares"]
[Date "1997.??.??"]
[Round "7"]
[White "Galletero Fernandez, Rocio"]
[Black "Galvez Extremera, Francisco"]
[Result "0-1"]
[WhiteElo "1650"]
[BlackElo "2160"]
[PlyCount "74"]
[EventDate "1997.12.??"]
[EventType "swiss"]
[EventRounds "7"]
[EventCountry "ESP"]
[SourceTitle "EXT 2000"]
[Source "ChessBase"]
[SourceDate "1999.11.16"]
[SourceVersion "1"]
[SourceVersionDate "1999.11.16"]
[SourceQuality "1"]

1. e4 c5 2. Nc3 Nc6 3. Nf3 g6 4. Bc4 Bg7 5. d3 d6 6. Ng5 e6 7. Qf3 Nf6 8. 0-0 0-0 9. Be3 a6 10. a4 Nd4 11. Bxd4 cxd4 12. Ne2 d5 13. exd5 exd5 14. Bb3 Bg4 15. Qg3 Bxe2 16. Rfe1 Bg4 17. f4 h6 18. Nf3 Bxf3 19. Qxf3 Qd7 20. Re5 Rae8 21. a5 Rxe5 22. fxe5 Ng4 23. Bxd5 Nxe5 24. Qe4 Nc6 25. Bb3 Kh7 26. Ba4 Re8 27. Qf3 Re3 28. Qf2 Qe7 29. Rf1 f5 30. Qd2 Re2 31. Qd1 Nxa5 32. b4 Nc6 33. b5 axb5 34. Bxb5 Qe3+ 35. Kh1 Rd2 36. Qb1 Qe2 37. Rg1 Ne5 0-1